Zdokonalenie systému náboru zamestnancov v spoločnosti ZF Slovakia, a.s.

Gespeichert in:
Bibliographische Detailangaben
1. Verfasser: Shymanska, Anna (Verfasst von)
Weitere Verfasser: Čambál, Miloš (Betreuung Doktorarbeit)
Format: Manuskript Buch
Sprache:Slowakisch
Veröffentlicht: 2025
Schlagworte:
Online-Zugang:http://is.stuba.sk/zp/portal_zp.pl?podrobnosti=178204
Tags: Tag hinzufügen
Keine Tags, Fügen Sie das erste Tag hinzu!

MARC

LEADER 00000ntm a22000003a 4500
001 stuzp104350
003 SK-STU
005 20250628211438.4
007 ta
008 150427s2015----xo-----f-mn---000-0-slo-d
040 |a STU  |b slo 
041 0 |a slo 
100 1 |a Shymanska, Anna  |u 064000  |4 aut  |U MTF Materiálovotechnologická fakulta  |T MTF Ústav priemyselného inžinierstva a manažmentu  |X 122437  |U M4000  |Y 84  |7 122437 
242 0 1 |a Improvement of the recruitment system at ZF Slovakia  |y eng 
245 1 0 |a Zdokonalenie systému náboru zamestnancov v spoločnosti ZF Slovakia, a.s. 
260 |c 2025 
650 4 |a ľudské zdroje  |2 slo 
650 4 |a personálny manažment  |2 slo 
650 4 |a nábor zamestnancov  |2 slo 
650 4 |a human resources  |2 eng 
650 4 |a personnel management  |2 eng 
650 4 |a recruitment of employees  |2 eng 
700 1 |a Čambál, Miloš  |u 064000  |k Z1  |4 ths  |U MTF Materiálovotechnologická fakulta  |T MTF Ústav priemyselného inžinierstva a manažmentu  |X 279  |U M4000  |Y 84  |7 A000000279 
856 4 |u http://is.stuba.sk/zp/portal_zp.pl?podrobnosti=178204 
996 |c M* BP-10014  |l MMSKP  |s P  |a 0  |w stuzp104350_0001